العلاقة بين الأدب الصومالى و الأدب العربي /
Saved in:
| 主要作者: | |
|---|---|
| 其他作者: | , |
| 格式: | Thesis |
| 語言: | Arabic |
| 出版: |
خرطوم :
معهد الخرطوم الدولي للغة العربية،
1989
|
| 主題: | |
| 標簽: |
添加標簽
沒有標簽, 成為第一個標記此記錄!
|
| LEADER | 014810000a22003490004500 | ||
|---|---|---|---|
| 001 | 89296 | ||
| 005 | 20100311162500.0 | ||
| 008 | 940202s1989 g ara | ||
| 035 | |a 295597 | ||
| 035 | |a (Sirsi) 89296 | ||
| 040 | |a UIAM |b eng | ||
| 041 | 0 | |a araeng | |
| 043 | |a f-so--- | ||
| 049 | |b m | ||
| 050 | |a PJ2533.5 | ||
| 100 | 1 | |a طلحة، محمد عمر | |
| 242 | 1 | 3 | |a al-'Alaqah bayna al-adab al-Sumali wa-al-adab al-'Arabi / |c i'dad Muhammad 'Umar Talhah; ishraf 'Awn al-Sharif Qasim |
| 245 | 1 | 2 | |a العلاقة بين الأدب الصومالى و الأدب العربي / |c إعداد محمد عمر طلحة ؛ إشراف عون الشريف قاسم |
| 260 | 1 | |a خرطوم : |b معهد الخرطوم الدولي للغة العربية، |c 1989 | |
| 300 | |a 100 leaves | ||
| 500 | |a Includes summary in English. | ||
| 502 | |a Author's thesis (M.A.)--Ma'had al-Khartum al-Duwali lil-Lughah al-'Arabiyah, 1989. | ||
| 596 | |a 1 | ||
| 650 | 0 | |a Somali literature |x History and criticism | |
| 650 | 0 | |a Somali literature |x Arabic influences | |
| 650 | 0 | |a Arabic literature |x History and criticism |z Somalia | |
| 700 | 1 | |a قاسم، عون الشريف | |
| 700 | 1 | |a Talhah, Muhammad 'Umar | |
| 710 | 1 | |a Ma'had al-Khartum al-Dawli lil-Lughah al-'Arabiyah | |
| 900 | |a checked a r r 150396-naw | ||
| 999 | |c 430610 |d 462101 | ||
| 952 | |0 0 |6 T PJ 002533.5 T145A |7 0 |8 THESES |9 749882 |a IIUM |b IIUM |c MULTIMEDIA |g 0.00 |o t PJ2533.5T145A |p 00000295601 |r 2017-10-19 |t 1 |v 0.00 |y THESIS | ||
